|
|
|
|
| LEADER |
00000cam a2200000 a 4500 |
| 001 |
72179 |
| 003 |
Ucuenca |
| 005 |
20230308162950.0 |
| 008 |
000000|1947 ||||||||r|||||||||||spa|| |
| 040 |
|
|
|b spa
|a UCuenca-cdrjbv
|c UCuenca
|e rda
|
| 041 |
1 |
|
|a spa
|
| 082 |
0 |
|
|a 720.28
|
| 100 |
1 |
|
|a Moia, José Luis
|9 35304
|
| 245 |
|
|
|a Cómo debe proyectarse una vivienda
|c José Luis Moia
|
| 264 |
|
|
|a Buenos Aires
|b Windsor
|c 1947
|
| 300 |
|
|
|a 325 páginas:
|b ilu
|c 27 cm
|
| 336 |
|
|
|2 rdacontent
|a texto
|b txt
|
| 337 |
|
|
|2 rdamedia
|a no mediado
|b n
|
| 338 |
|
|
|2 rdacarrier
|a volumen
|b nc
|
| 504 |
|
|
|a incl. ref.
|
| 650 |
|
|
|a Construccion arquitectonica
|9 33317
|2 UCuenca-cdrjbv
|
| 650 |
|
|
|a Viviendas
|9 33766
|2 UCuenca-cdrjbv
|
| 650 |
|
|
|a Arquitectura
|2 UCuenca-cdrjbv
|9 257270
|
| 852 |
|
|
|a UC-CDJBV
|f Compra
|l 1
|m General
|p 00000000
|q 100,00
|r 2
|t 72179
|b 0
|d CDRC
|e CDRC
|g 720.28 ESTANTERIA CERRADA
|z 0000-00-00
|
| 942 |
|
|
|c BK
|0 1
|2 ddc
|
| 999 |
|
|
|c 20006
|d 20006
|